[Separata del prólogo del libro: Ensayo sobre la composición de las máquinas de José María de Lanz y Agustín de Betancourt] / (Record no. 170028)

MARC details
000 -LEADER
campo de control de longitud fija 00649nam a22001575i 4500
001 - NÚMERO DE CONTROL
campo de control 170028
003 - IDENTIFICADOR DE NÚMERO DE CONTROL
campo de control ES-MaACL
005 - FECHA Y HORA DE LA ÚLTIMA TRANSACCIÓN
campo de control 20230906214251.0
008 - DATOS DE LONGITUD FIJA--INFORMACIÓN GENERAL
campo de control de longitud fija 090115s1990 sp |||| | spa d
100 1# - ENTRADA PRINCIPAL--NOMBRE DE PERSONA
Nombre de persona García-Diego, José A.
9 (RLIN) 54541
245 11 - MENCIÓN DEL TÍTULO
Título [Separata del prólogo del libro: Ensayo sobre la composición de las máquinas de José María de Lanz y Agustín de Betancourt] /
Mención de responsabilidad, etc. José A. García-Diego.
260 ## - PUBLICACIÓN, DISTRIBUCIÓN, ETC.
Lugar de publicación, distribución, etc. Madrid :
Nombre del editor, distribuidor, etc. Colegio de Ingenieros de Caminos, Canales y Puertos,
Fecha de publicación, distribución, etc. 1990.
300 ## - DESCRIPCIÓN FÍSICA
Extensión XXIX, [8] p. de lám. ;
Dimensiones 27 cm.
710 2# - ENTRADA AGREGADA--NOMBRE DE ENTIDAD CORPORATIVA
Nombre de entidad corporativa o nombre de jurisdicción como elemento de entrada Colegio de Ingenieros de Caminos, Canales y Puertos.
9 (RLIN) 139226
852 ## - LOCALIZACIÓN
Ubicación ES-MaACL
Número de control de estantería 2240-F-14
Holdings
Estatus retirado Estado de pérdida Estado de daño No para préstamo Colección Biblioteca de origen Biblioteca actual Ubicación en estantería Fecha de adquisición Fuente de adquisición Total de préstamos Signatura topográfica completa Código de barras Visto por última vez Precio de reemplazo Tipo de ítem Koha
        Colección de folletos Biblioteca del Ateneo de Madrid Biblioteca del Ateneo de Madrid Depósito folletos 15/01/2009     2240-F-14 1178500 23/02/2023 23/02/2023 Folleto